| 000 -LEADER |
| fixed length control field |
01735cam a22003734a 4500 |
| 003 - CONTROL NUMBER IDENTIFIER |
| control field |
OSt |
| 005 - DATE AND TIME OF LATEST TRANSACTION |
| control field |
20220315193812.0 |
| 008 - FIXED-LENGTH DATA ELEMENTS--GENERAL INFORMATION |
| fixed length control field |
100427s2009 sp ae bc s000 0 eng c |
| 010 ## - LIBRARY OF CONGRESS CONTROL NUMBER |
| LC control number |
2010424283 |
| 020 ## - INTERNATIONAL STANDARD BOOK NUMBER |
| International Standard Book Number |
9788496842441 |
| 020 ## - INTERNATIONAL STANDARD BOOK NUMBER |
| International Standard Book Number |
8496842444 |
| 035 ## - SYSTEM CONTROL NUMBER |
| System control number |
(OCoLC)ocn430051320 |
| 042 ## - AUTHENTICATION CODE |
| Authentication code |
pcc |
| 043 ## - GEOGRAPHIC AREA CODE |
| Geographic area code |
e-sp--- |
| 050 00 - LIBRARY OF CONGRESS CALL NUMBER |
| Classification number |
NA2705.5 |
| Item number |
.A73 2009 |
| 082 00 - DEWEY DECIMAL CLASSIFICATION NUMBER |
| Classification number |
720 |
| Edition number |
22 |
| 245 00 - TITLE STATEMENT |
| Title |
Architectures without place, 1968-2008 / |
| Statement of responsibility, etc |
[Ramon Faura Coll, Santi Ibarra, Antonio Pizza, publication]. |
| 260 ## - PUBLICATION, DISTRIBUTION, ETC. (IMPRINT) |
| Place of publication, distribution, etc |
Barcelona : |
| Name of publisher, distributor, etc |
Departament de Cultura i Mitjans de Comunicació, Generalitat de Catalunya : |
| -- |
Collegi d Arquitectes de Catalunya : |
| -- |
Arts Santa Mònica, |
| Date of publication, distribution, etc |
c2009. |
| 300 ## - PHYSICAL DESCRIPTION |
| Extent |
267, [20] p. : |
| Other physical details |
ill. (some col.), plans ; |
| Dimensions |
24 cm. + |
| Accompanying material |
1 CD-ROM (4 3/4 in.) |
| 500 ## - GENERAL NOTE |
| General note |
Catalog of an exhibition held from 25 June to 20 September 2009 at Arts Santa Mònica, Barcelona. |
| 500 ## - GENERAL NOTE |
| General note |
Title of accompanying CD-ROM: Arquitectures sense lloc, 1968-2008. |
| 504 ## - BIBLIOGRAPHY, ETC. NOTE |
| Bibliography, etc |
Includes bibliographical references. |
| 650 #0 - SUBJECT ADDED ENTRY--TOPICAL TERM |
| Topical term or geographic name as entry element |
Unbuilt architectural projects |
| Geographic subdivision |
Spain |
| -- |
Catalonia |
| General subdivision |
History |
| Chronological subdivision |
20th century |
| Form subdivision |
Exhibitions. |
| 650 #0 - SUBJECT ADDED ENTRY--TOPICAL TERM |
| Topical term or geographic name as entry element |
Unbuilt architectural projects |
| Geographic subdivision |
Spain |
| -- |
Catalonia |
| General subdivision |
History |
| Chronological subdivision |
21st century |
| Form subdivision |
Exhibitions. |
| 650 #0 - SUBJECT ADDED ENTRY--TOPICAL TERM |
| Topical term or geographic name as entry element |
Lost architecture |
| Geographic subdivision |
Spain |
| -- |
Catalonia |
| General subdivision |
History |
| Chronological subdivision |
20th century |
| Form subdivision |
Exhibitions. |
| 650 #0 - SUBJECT ADDED ENTRY--TOPICAL TERM |
| Topical term or geographic name as entry element |
Lost architecture |
| Geographic subdivision |
Spain |
| -- |
Catalonia |
| General subdivision |
History |
| Chronological subdivision |
21st century |
| Form subdivision |
Exhibitions. |
| 700 1# - ADDED ENTRY--PERSONAL NAME |
| Personal name |
Coll, Ramon Faura. |
| 700 1# - ADDED ENTRY--PERSONAL NAME |
| Personal name |
Ibarra, Santi. |
| 700 1# - ADDED ENTRY--PERSONAL NAME |
| Personal name |
Pizza, Antonio. |
| 710 2# - ADDED ENTRY--CORPORATE NAME |
| Corporate name or jurisdiction name as entry element |
Centre d'Art Santa Mònica (Barcelona, Spain) |
| 740 02 - ADDED ENTRY--UNCONTROLLED RELATED/ANALYTICAL TITLE |
| Uncontrolled related/analytical title |
Arquitectures sense lloc, 1968-2008. |
| 942 ## - ADDED ENTRY ELEMENTS (KOHA) |
| Source of classification or shelving scheme |
|
| 955 ## - COPY-LEVEL INFORMATION (RLIN) |
| Book number/undivided call number, CCAL (RLIN) |
be06 2010-04-27 z-processor to Art & Architecture |
| Classification number, CCAL (RLIN) |
be00 2010-05-06 |
| Copy status, CST (RLIN) |
be15 2010-06-01 to BCCD |